Elements of classical thermodynamics for advanced students of physics (Record no. 158893)

MARC details
000 -LEADER
fixed length control field 00596nam a2200205Ia 4500
008 - FIXED-LENGTH DATA ELEMENTS--GENERAL INFORMATION
fixed length control field 191130s1957##################000#0#eng##
020 ## - INTERNATIONAL STANDARD BOOK NUMBER
ISBN 9780521091015
082 ## - DEWEY DECIMAL CLASSIFICATION NUMBER
Classification number 536.7 PIP
100 ## - MAIN ENTRY--AUTHOR NAME
Personal name Pippard, A. B
245 ## - TITLE STATEMENT
Title Elements of classical thermodynamics for advanced students of physics
Statement of responsibility, etc A. B. Pippard
260 ## - PUBLICATION, DISTRIBUTION, ETC. (IMPRINT)
Place of publication Cambridge
Name of publisher University Press
Year of publication 1957
300 ## - PHYSICAL DESCRIPTION
Number of Pages viii, 165 p. ill. ; 23 cm
500 ## - GENERAL NOTE
General note Includes index
650 ## - SUBJECT ADDED ENTRY--TOPICAL TERM
Topical Term Thermodynamics
991 ## -
-- 277608
Holdings
Withdrawn status Lost status Damaged status Not for loan Home library Current library Shelving location Date acquired Full call number Accession Number Price effective from Koha item type
        Anna Centenary Library Anna Centenary Library 5TH FLOOR, A WING 12.10.2020 536.7 PIP 240539 12.10.2020 English Books

Find us on the map